MyGZULibrary

Beginning statistics : (Record no. 1449)

MARC details
000 -LEADER
fixed length control field 02427cam a22005297i 4500
001 - CONTROL NUMBER
control field 18151250
003 - CONTROL NUMBER IDENTIFIER
control field GZU
005 - DATE AND TIME OF LATEST TRANSACTION
control field 20201015104942.0
008 - FIXED-LENGTH DATA ELEMENTS--GENERAL INFORMATION
fixed length control field 140514s2015 enka b 001 0 eng d
010 ## - LIBRARY OF CONGRESS CONTROL NUMBER
LC control number 2014940764
015 ## - NATIONAL BIBLIOGRAPHY NUMBER
National bibliography number GBB499809
Source bnb
016 7# - NATIONAL BIBLIOGRAPHIC AGENCY CONTROL NUMBER
Record control number 016868277
Source Uk
020 ## - INTERNATIONAL STANDARD BOOK NUMBER
International Standard Book Number 9781446280690
Qualifying information (hardback)
020 ## - INTERNATIONAL STANDARD BOOK NUMBER
International Standard Book Number 1446280691
Qualifying information (hardback)
020 ## - INTERNATIONAL STANDARD BOOK NUMBER
International Standard Book Number 9781446280706
Qualifying information (paperback)
020 ## - INTERNATIONAL STANDARD BOOK NUMBER
International Standard Book Number 1446280705
Qualifying information (paperback)
035 ## - SYSTEM CONTROL NUMBER
System control number (OCoLC)ocn897773854
040 ## - CATALOGING SOURCE
Original cataloging agency YDXCP
Language of cataloging eng
Transcribing agency YDXCP
Description conventions rda
Modifying agency UKMGB
-- OCLCQ
-- OCLCF
-- CLU
-- BEDGE
-- OCLCO
-- CDN
-- YJL
-- OCLCA
-- S3O
-- OCLCO
-- DLC
042 ## - AUTHENTICATION CODE
Authentication code lccopycat
050 00 - LIBRARY OF CONGRESS CALL NUMBER
Classification number HA29
Item number .D44 2015
082 04 - DEWEY DECIMAL CLASSIFICATION NUMBER
Classification number 519.5
Edition number 23
100 1# - MAIN ENTRY--PERSONAL NAME
Personal name Diamond, Ian,
Relator term author.
245 10 - TITLE STATEMENT
Title Beginning statistics :
Remainder of title an introduction for social scientists /
Statement of responsibility, etc. Liam Foster, Ian Diamond, Julie Jefferies.
250 ## - EDITION STATEMENT
Edition statement Second edition.
264 #1 - PRODUCTION, PUBLICATION, DISTRIBUTION, MANUFACTURE, AND COPYRIGHT NOTICE
Place of production, publication, distribution, manufacture Los Angeles :
Name of producer, publisher, distributor, manufacturer SAGE,
Date of production, publication, distribution, manufacture, or copyright notice [2015]
300 ## - PHYSICAL DESCRIPTION
Extent xxii, 280 pages :
Other physical details illustrations ;
Dimensions 25 cm
336 ## - CONTENT TYPE
Content type term text
Content type code txt
Source rdacontent
337 ## - MEDIA TYPE
Media type term unmediated
Media type code n
Source rdamedia
338 ## - CARRIER TYPE
Carrier type term volume
Carrier type code nc
Source rdacarrier
500 ## - GENERAL NOTE
General note Previous edition: 2001.
504 ## - BIBLIOGRAPHY, ETC. NOTE
Bibliography, etc. note Includes bibliographical references (pages 274-277) and index.
505 0# - FORMATTED CONTENTS NOTE
Formatted contents note Are statistics relevant to real life? -- Data and table manners -- Graphs and charts -- Averages and percentiles -- Spreads -- Transforming data -- The normal distribution -- From samples to populations -- Getting confident -- Fun with proportions -- How to decide how to decide -- More tricky decisions -- Correlation and regression -- Analysing tables with categorical data -- Conclusion -- Statistical tables -- Answers to practice questions -- Algebra and mathematical notation explained.
650 #0 - SUBJECT ADDED ENTRY--TOPICAL TERM
Topical term or geographic name entry element Social sciences
General subdivision Statistical methods.
650 #0 - SUBJECT ADDED ENTRY--TOPICAL TERM
Topical term or geographic name entry element Statistics
General subdivision Methodology.
650 #7 - SUBJECT ADDED ENTRY--TOPICAL TERM
Topical term or geographic name entry element Manuels.
Source of heading or term eclas
650 #7 - SUBJECT ADDED ENTRY--TOPICAL TERM
Topical term or geographic name entry element Méthodes statistiques.
Source of heading or term eclas
650 #7 - SUBJECT ADDED ENTRY--TOPICAL TERM
Topical term or geographic name entry element Sciences sociales.
Source of heading or term eclas
650 #7 - SUBJECT ADDED ENTRY--TOPICAL TERM
Topical term or geographic name entry element Social sciences
General subdivision Statistical methods.
Source of heading or term fast
Authority record control number or standard number (OCoLC)fst01122983
650 #7 - SUBJECT ADDED ENTRY--TOPICAL TERM
Topical term or geographic name entry element Statistics
General subdivision Methodology.
Source of heading or term fast
Authority record control number or standard number (OCoLC)fst01132125
650 #7 - SUBJECT ADDED ENTRY--TOPICAL TERM
Topical term or geographic name entry element Statistisk metod.
Source of heading or term sao
650 #7 - SUBJECT ADDED ENTRY--TOPICAL TERM
Topical term or geographic name entry element Samhällsvetenskap
General subdivision forskning - metodik.
Source of heading or term sao
700 1# - ADDED ENTRY--PERSONAL NAME
Personal name Foster, Liam,
Relator term author.
700 1# - ADDED ENTRY--PERSONAL NAME
Personal name Jefferies, Julie,
Relator term author.
906 ## - LOCAL DATA ELEMENT F, LDF (RLIN)
a 7
b cbc
c copycat
d 2
e ncip
f 20
g y-gencatlg
942 ## - ADDED ENTRY ELEMENTS (KOHA)
Source of classification or shelving scheme Library of Congress Classification
Koha item type Books
Edition 2nd ed.
Classification part 29
Item part FOS
Call number prefix HA
Call number suffix 2015
Holdings
Withdrawn status Lost status Damaged status Not for loan Collection code Home library Current library Shelving location Date acquired Total Checkouts Full call number Barcode Date last seen Date last checked out Copy number Price effective from Koha item type
        Non-fiction City Campus Library City Campus Library General Stacks 10/15/2020 1 HA29 FOS 2015 030844 06/05/2023 05/29/2023 c.1 10/15/2020 Books